Písomnosti v našom živote praktické rady pre každého, ako písať úradnú aj súkromnú korešpondenciu

Na minha lista:
Detalhes bibliográficos
Autor principal: Bednárová, Lýdia
Formato: Livro
Idioma:eslovaco
Publicado em: Bratislava Príroda 2005
Assuntos:
Tags: Adicionar Tag
Sem tags, seja o primeiro a adicionar uma tag!

MARC

LEADER 00000nam$a2200000$$$4500
001 0029835
005 20221207101235.5
020 |a 80-07-01192-7 
041 0 |a slo 
044 |a SK 
245 1 0 |a Písomnosti v našom živote  |b praktické rady pre každého, ako písať úradnú aj súkromnú korešpondenciu  |c Lýdia Bednárová 
264 1 |a Bratislava  |b Príroda  |c 2005 
300 |a 79 s. 
610 2 0 |a písomníctvo 
610 2 0 |a dokumenty 
610 2 0 |a administratíva 
610 2 0 |a korešpondencia 
610 2 0 |a terminológia 
100 1 |a Bednárová, Lýdia